[Event "20. Dolomitenbank Open-A 2019"]
[Site "Lienz"]
[Date "2019.02.12"]
[Round "5.3"]
[White "Istratescu, Andrei"]
[Black "Mesaros, Florian"]
[Result "1/2-1/2"]
[WhiteElo "2555"]
[BlackElo "2449"]
[Annotator "TA"]
[PlyCount "45"]
[EventDate "2019.02.09"]
[EventType "swiss"]
[EventCountry "AUT"]
[SourceTitle "playchess.com"]
[Source "ChessBase"]
[SourceQuality "1"]

{[%evp 17,45,17,0,-12,0,0,0,0,0,0,0,0,0,0,0,0,0,-16,0,0,0,0,0,0,0,0,10,0,24,3]} 1. d4 Nf6 2. c4 e6 3. Nf3 d5 4. Nc3 Bb4 5. Qb3 c5 6. dxc5 Na6 {[%cal Bb8a6,Ba6c5,Bc5a4][%mdl 32] D38: Queen's Gambit Declined: Ragozin Defence (4 Nf3 Bb4)} (6... Nc6 7. Bg5 Qa5 8. Bxf6 dxc4 9. Qxc4 gxf6 10. Rc1 Qxc5 11. Qh4 Ke7 12. g3 Bxc3+ 13. bxc3 Qa3 14. Rc2 {1-0 (37) Kazhgaleyev,M (2587)-Harikrishna,P (2725) St Petersburg 2018}) 7. a3 Bxc3+ 8. Qxc3 Nxc5 9. cxd5 Qxd5 {LiveBook: 33 Games} 10. e3 Bd7 $146 ({Predecessor:} 10... O-O 11. Bc4 Qh5 12. O-O b6 13. b4 Nce4 14. Qe5 {1-0 (39) Ruckschloss,K (2255)-Rezak,M Bratislava 1989}) 11. Bc4 Qe4 12. O-O Rc8 13. Ne5 Na4 14. Qd4 Qxd4 15. exd4 Nb6 16. b3 Nfd5 17. a4 {[%cal Ba3a4,Ba4a5][%mdl 32]} f6 18. Nxd7 Kxd7 19. Bb5+ Ke7 20. a5 Na8 21. Ba3+ Kf7 22. Rfc1 Nac7 23. Bc4 {Precision: White = 50%, Black = 80%.} 1/2-1/2

[Event "20. Dolomitenbank Open-A 2019"]
[Site "Lienz"]
[Date "2019.02.12"]
[Round "5.4"]
[White "Feige, Manuel"]
[Black "Prusikin, Michael"]
[Result "1/2-1/2"]
[WhiteElo "2392"]
[BlackElo "2517"]
[Annotator "TA"]
[PlyCount "24"]
[EventDate "2019.02.09"]
[EventType "swiss"]
[EventCountry "AUT"]
[SourceTitle "playchess.com"]
[Source "ChessBase"]
[SourceQuality "1"]

{[%evp 9,24,32,32,31,34,29,37,21,17,9,43,37,59,54,60,64,64]} 1. d4 Nf6 2. c4 e6 3. Nf3 Bb4+ 4. Nbd2 a5 5. a3 Bxd2+ (5... Be7 6. e4 d5 7. e5 Nfd7 8. Bd3 c5 9. O-O Nc6 10. Re1 cxd4 11. Nb3 O-O 12. cxd5 exd5 {½-½ (32) Vitiugov,N (2726)-Bauer,C (2629) Batumi 2018}) 6. Bxd2 {E11: Bogo-Indian} b6 7. Bg5 Bb7 8. e3 d6 9. Be2 $146 ({Predecessor:} 9. Bd3 Nbd7 10. O-O h6 11. Bh4 e5 12. Nd2 O-O {1-0 (44) Yudin,S (2503)-Korobkin,M (2349) Novosibirsk 2007}) 9... a4 10. O-O {White is slightly better.} Nbd7 11. Nd2 Ra5 12. Bh4 O-O 1/2-1/2

[Event "20. Dolomitenbank Open-A 2019"]
[Site "Lienz"]
[Date "2019.02.12"]
[Round "5.5"]
[White "Sanal, Vahap"]
[Black "Sadhwani, Raunak"]
[Result "1-0"]
[WhiteElo "2497"]
[BlackElo "2448"]
[Annotator "TA"]
[PlyCount "101"]
[EventDate "2019.02.09"]
[EventType "swiss"]
[EventCountry "AUT"]
[SourceTitle "playchess.com"]
[Source "ChessBase"]
[SourceQuality "1"]

{[%evp 11,101,17,31,28,43,29,31,24,22,20,26,18,22,12,20,28,20,16,43,29,32,18,24,19,26,0,0,0,0,0,0,0,89,85,69,87,178,175,229,177,247,240,248,237,245,235,295,314,293,294,331,60,62,61,62,63,62,62,66,0,65,63,62,63,65,60,74,28,153,127,134,148,199,199,184,177,244,253,387,366,378,368,331,319,781,769,779,764,727,727,5513,507]} 1. e4 c5 2. Nf3 d6 3. d4 cxd4 4. Nxd4 Nf6 5. Nc3 a6 6. Bg5 Nbd7 7. Qe2 {B94: Sicilian Najdorf: 6 Bg5 Nbd7} h6 8. Bh4 g6 9. O-O-O {White is slightly better.} (9. f4 Qc7 10. O-O-O Bg7 11. g4 e5 12. fxe5 Nxe5 13. h3 Be6 14. Qf2 Nfd7 {½-½ (26) Carlsen,M (2842)-Svidler,P (2753) Biel 2018}) 9... e5 10. Nb3 Be7 11. Qd2 b5 12. a3 Bb7 13. Bd3 {[#]} Rc8 $146 ({Predecessor:} 13... Kf8 14. Kb1 Kg7 {1-0 (39) Durarbayli,V (2630)-Li,R (2564) Saint Louis 2017}) 14. Kb1 Kf8 15. f4 exf4 16. Be1 g5 17. h4 Rg8 18. hxg5 hxg5 19. g3 f3 20. Nd4 Ne5 21. Rf1 d5 (21... g4 $11) 22. Nxd5 $16 Nxd5 23. exd5 Qxd5 (23... Bxd5 $16 {is a better defense.} 24. Bf5 Rb8) 24. Bf5 $18 Rd8 (24... Qc4 $142 25. Bxc8 Qxc8) 25. Qh2 $1 {[%mdl 1024] White has strong compensation.} Qc4 (25... Qc6 {might work better.} 26. Bc3 Qf6) 26. Bc3 Bd5 {Hoping for ...b4.} 27. Qh6+ Ke8 {Strongly threatening ...Qa2+.} 28. Nb3 f6 29. Bxe5 $1 fxe5 30. Qh5+ $1 Kf8 {[#]} 31. Bd3 $2 (31. Rxd5 $1 $18 {[%mdl 512] Qh6+ would kill now.} Qxd5 32. Qh6+ (32. Rxf3 Bf6 $16) 32... Kf7 33. Bg4) 31... Qc6 $14 32. Bh7 $1 Rg7 {[#] ...e4 is the strong threat.} 33. Rxd5 $1 {[%mdl 576] Remove Defender} Qxd5 34. Rxf3+ Rf7 35. Qh6+ $1 Ke8 36. Rd3 $1 $36 {[%cal Rd3d5][%mdl 2048] White has good play.} Qb7 37. Bg6 Rxd3 38. cxd3 Qd5 39. Nd2 ({Much weaker is} 39. Bxf7+ Kxf7 40. Nc1 a5 $11) 39... a5 (39... e4 $1 $11 {keeps the balance.}) 40. Qh8+ $16 Bf8 41. Qh5 Ke7 (41... Bd6 $16 {was worth a try.} 42. Bxf7+ Qxf7 43. Qxg5 Qd5) 42. Bxf7 $18 Qxf7 43. Qxg5+ Ke6 (43... Qf6 {was called for.} 44. Qe3 Kf7) 44. Qd8 Qf2 (44... b4 $142 45. Qxa5 bxa3 46. Qa6+ Kf5 47. bxa3 Be7) 45. Qe8+ Be7 46. Ne4 Qe1+ 47. Ka2 b4 $2 (47... Qe3 48. Qxb5 Qd4) 48. Nc5+ {White is clearly winning.} Kf6 49. Nd7+ Ke6 50. Nf8+ Kd6 51. Qd7+ {Accuracy: White = 74%, Black = 35%.} 1-0

[Event "20. Dolomitenbank Open-A 2019"]
[Site "Lienz"]
[Date "2019.02.12"]
[Round "5.6"]
[White "Goh, Wei Ming Kevin"]
[Black "Ruff, Maximilian"]
[Result "1/2-1/2"]
[WhiteElo "2477"]
[BlackElo "2312"]
[Annotator "TA"]
[PlyCount "90"]
[EventDate "2019.02.09"]
[EventType "swiss"]
[EventCountry "AUT"]
[SourceTitle "playchess.com"]
[Source "ChessBase"]
[SourceQuality "1"]

{[%evp 11,90,19,26,19,26,26,26,26,29,35,32,29,29,29,36,27,27,28,26,19,14,10,12,0,4,0,5,0,32,32,41,2,16,20,25,12,32,32,32,32,27,32,25,25,25,5,5,5,5,5,5,0,5,5,5,5,5,3,3,3,3,3,3,3,3,0,0,8,14,0,12,0,3,3,3,3,3,3,7,7,10]} 1. e4 c5 2. Nf3 e6 3. d4 cxd4 4. Nxd4 a6 5. c4 Nf6 6. Nc3 Bb4 7. Qd3 {B41: Sicilian: Kan Variation: 5 c4} d5 (7... Qc7 8. Nc2 Bc5 9. Be2 O-O 10. O-O Nc6 11. Kh1 d6 12. f4 Bd7 13. a3 Rad8 14. b4 Ba7 {½-½ (115) Karjakin,S (2782)-Caruana,F (2816) Paris 2018}) 8. exd5 exd5 9. Be2 {White has an edge.} O-O 10. O-O Nc6 {[#] Hoping for ...dxc4.} 11. Nxc6 bxc6 12. cxd5 Nxd5 13. Nxd5 Qxd5 14. Qxd5 (14. Qg3 {with more complications.} Bd6 15. Bf4 Bxf4 16. Qxf4 Be6 17. Rfc1) 14... cxd5 15. Be3 $146 Be6 16. Bd4 a5 17. Rac1 Rfc8 18. a3 Bd6 19. Bd3 Bf4 20. Rxc8+ Rxc8 21. Bc3 Rb8 22. g3 Bg5 23. f4 (23. Rb1 {feels hotter.} a4 24. Be5 Rb7 25. Kg2 Bd8 26. Bc2) 23... Bf6 (23... Bd8 {is more complex.} 24. Kg2 Bb6 25. Rb1 g6 26. b4 axb4 27. Bxb4 Ra8) 24. Bxf6 gxf6 $14 {[%mdl 4096] Endgame KRB-KRB} 25. Rf2 f5 26. Rd2 Kg7 27. Kf2 d4 28. Be2 Kf6 {The position is equal.} 29. Ke1 Rb6 30. Rc2 Rb3 {[#] Strongly threatening ...d3.} 31. Rd2 Rb6 32. Bf3 Rb3 33. Bd1 Rb6 34. Be2 Rb8 35. Rxd4 {next b4 is good for White.} Rxb2 36. Ra4 Rb1+ 37. Kf2 Rb2 38. Ke3 Rb3+ 39. Kd4 Rb2 40. Ke3 Rb3+ 41. Kf2 Rb2 42. Rxa5 Bc4 $1 43. Re5 Ra2 44. Re3 Bxe2 45. Rxe2 Rxa3 {Accuracy: White = 70%, Black = 84%.} 1/2-1/2

[Event "20. Dolomitenbank Open-A 2019"]
[Site "Lienz"]
[Date "2019.02.12"]
[Round "5.7"]
[White "Gaprindashvili, Valeriane"]
[Black "Schreiner, Peter"]
[Result "1/2-1/2"]
[WhiteElo "2387"]
[BlackElo "2476"]
[Annotator "TA"]
[PlyCount "59"]
[EventDate "2019.02.09"]
[EventType "swiss"]
[EventCountry "AUT"]
[SourceTitle "playchess.com"]
[Source "ChessBase"]
[SourceQuality "1"]

{[%evp 20,59,-7,-8,-7,-7,-14,-8,-8,-12,-14,-7,0,-45,-44,-28,-21,-70,-63,-68,-74,-62,-61,-61,-61,-67,-52,-38,-41,-39,-42,-43,-48,-57,-35,-38,0,0,0,0,0,0]} 1. d4 Nf6 2. Nf3 g6 3. Nc3 d5 4. Bf4 Bg7 5. e3 Bg4 6. Be2 c6 7. h3 Bxf3 8. Bxf3 Nbd7 9. O-O O-O 10. Qd2 {D00: 1 d4 d5: Unusual lines} Re8 11. Rfd1 {LiveBook: 3 Games} Qb6 12. Na4 Qa6 13. b3 e5 14. dxe5 Nxe5 15. Bxe5 $146 ({Predecessor:} 15. Be2) 15... Rxe5 16. Qd3 b5 17. Nc3 Qb6 18. e4 dxe4 19. Nxe4 Nxe4 20. Bxe4 Rae8 21. Bf3 R5e6 22. Rac1 Bh6 {[%cal Bg7h6,Bh6e3,Be3d4][%mdl 32]} 23. Rb1 {[#]} Be3 $1 {[%mdl 512]} 24. Qf1 ({Not} 24. fxe3 $2 Rxe3 25. Qd2 (25. Qd4 $2 Re1+ 26. Kf2 Qxd4+ 27. Rxd4 Rxb1 $19) 25... Re2+ 26. Qd4 Re1+ 27. Kf2 Qxd4+ 28. Rxd4 Rxb1 $19) 24... Bd4 25. g3 Rf6 26. Kg2 b4 27. Re1 Rfe6 28. Rxe6 {The position is equal.} Rxe6 29. Re1 c5 30. Rxe6 {Precision: White = 73%, Black = 91%.} 1/2-1/2

[Event "20. Dolomitenbank Open-A 2019"]
[Site "Lienz"]
[Date "2019.02.12"]
[Round "5.8"]
[White "Ankit, R. Rajpara"]
[Black "Meier, Volker"]
[Result "1-0"]
[WhiteElo "2451"]
[BlackElo "2271"]
[Annotator "TA"]
[PlyCount "123"]
[EventDate "2019.02.09"]
[EventType "swiss"]
[EventCountry "AUT"]
[SourceTitle "playchess.com"]
[Source "ChessBase"]
[SourceQuality "1"]

{[%evp 22,123,80,25,70,80,78,82,107,85,107,78,90,106,102,93,100,70,99,80,87,80,68,26,140,137,141,47,56,73,67,66,45,25,25,25,11,6,6,6,6,0,26,26,26,27,35,35,35,32,34,30,33,33,43,38,28,37,47,47,170,163,172,8,131,131,224,102,102,102,102,102,408,404,400,396,379,252,435,406,391,144,150,124,131,131,131,131,29966,29967,29967,29968,29967,29967,29955,29953,5510,6299,6419,6350,2427,1758,29974,29954]} 1. d4 d5 2. c4 c6 3. Nc3 Nf6 4. e3 g6 5. Nf3 Bg7 6. Be2 O-O 7. O-O dxc4 8. Bxc4 Bg4 9. h3 Bxf3 10. Qxf3 Nbd7 11. Rd1 Qc7 12. Bb3 {LiveBook: 4 Games. D94: Grünfeld: 4 Nf3 Bg7 5 e3} (12. e4 $16) (12. e4 e5 13. d5 Nb6 14. Bb3 cxd5 15. exd5 Ne8 16. Ne4 Nc8 17. Bg5 Ncd6 18. Rac1 Qb6 19. Nc5 f6 {1-0 (41) Vasquez Schroder,R (2505)-Gines Esteo,P (2395) Utebo 2018}) 12... Rad8 13. e4 e5 {White should prevent ...exd4.} 14. d5 {White is better.} Nc5 15. Bg5 Rd6 16. dxc6 {Hoping for Rxd6.} bxc6 $146 ({Predecessor:} 16... Rxc6 17. Bd5 Rb6 18. Rac1 Qb8 19. Be3 Nfd7 {1-0 (66) Lalic,B (2394)-Fedotov,K (2017) Pardubice 2018}) 17. Rxd6 Qxd6 18. Rd1 Qe7 19. Bc4 Rb8 20. b3 {[%cal Bb2b3,Bb3b4][%mdl 32]} Rd8 21. Rxd8+ Qxd8 22. b4 Ne6 (22... Qd4 $11) 23. Bxe6 $1 $16 fxe6 24. Be3 ({White should play} 24. Na4 $1 $16) 24... a5 $14 25. bxa5 Qxa5 26. Bg5 Kf7 27. Qd3 Bf8 28. Qc4 Bc5 29. Bd2 Qb6 30. Be1 {Na4 is the strong threat.} Bd4 31. a4 Ne8 32. a5 Qxa5 33. Qxc6 Qc7 34. Qxc7+ Nxc7 {[%mdl 4096] Endgame KBN-KBN} 35. Kf1 Ne8 36. Ke2 Nf6 37. Kd3 g5 38. Nb5 Bc5 39. f3 h5 40. g4 h4 ({Better is} 40... hxg4 $14 41. hxg4 Nd7) 41. Bd2 $18 Nh7 42. Bc3 $2 (42. Kc4 $18 Be7 43. Na7) 42... Kf6 (42... Nf8 $1 $11 {keeps the balance.}) 43. Kc4 $1 $16 {[%cal Rc4c5]} Be7 (43... Be3 $16) 44. Nc7 (44. Bd2 $1 $18 {and White stays clearly on top.}) 44... Nf8 45. Kb5 Ng6 {White must now prevent ...Nf4.} 46. Bd2 $1 Kf7 $2 {[%mdl 8192] [#]} (46... Bd8 $16 47. Kc6 (47. Bxg5+ $2 Kxg5 48. Nxe6+ Kf6 $19) 47... Nf4 48. Bxf4 exf4) 47. Kc6 $1 $18 Nf8 48. Nb5 Kf6 49. Nd6 Kg6 $2 (49... Ng6 50. Kd7 Nf8+ 51. Kc7 Kg7) 50. Nc8 Ba3 51. Bc3 $2 (51. Nb6 $18 {is more deadly.}) 51... Kf6 $16 52. Nb6 Bc1 53. Nd7+ Nxd7 54. Kxd7 {aiming for Ke8. KB-KB} Bf4 $2 {[%mdl 8192] [#]} (54... Kf7 $16 55. Bxe5 Be3) 55. Ke8 $1 Be3 56. Ba5 Bc5 57. Bd8+ Kg6 58. Kd7 Kf7 59. Bxg5 Bf2 60. Kd6 Bg3 61. Bd8 Ke8 62. Bf6 {Precision: White = 54%, Black = 40%.} 1-0

[Event "20. Dolomitenbank Open-A 2019"]
[Site "Lienz"]
[Date "2019.02.13"]
[Round "6.1"]
[White "Sanal, Vahap"]
[Black "Kunin, Vitaly"]
[Result "1/2-1/2"]
[WhiteElo "2497"]
[BlackElo "2531"]
[Annotator "TA"]
[PlyCount "153"]
[EventDate "2019.02.09"]
[EventType "swiss"]
[EventCountry "AUT"]
[SourceTitle "playchess.com"]
[Source "ChessBase"]
[SourceQuality "1"]

{[%evp 13,153,14,24,4,22,10,14,0,25,-6,17,-29,0,0,37,-11,22,18,23,0,0,-12,56,55,131,133,150,141,147,137,132,127,120,128,119,106,114,117,101,124,93,112,100,102,122,67,56,47,37,30,35,8,8,8,8,8,8,8,8,8,8,8,35,59,79,77,83,17,33,0,116,9,518,416,504,8,8,8,77,87,87,8,8,8,8,8,8,8,8,8,8,8,8,8,8,8,8,0,8,8,8,8,8,0,0,0,0,0,0,0,0,0,0,0,0,0,0,0,0,0,0,0,0,0,0,0,0,0,0,0,0,0,0,0,0,0,0,0,0,0,0,0]} 1. e4 e5 2. Nf3 Nf6 3. Nxe5 d6 4. Nf3 Nxe4 5. Nc3 Nxc3 6. dxc3 Be7 7. Be3 O-O 8. Qd2 {C42: Petroff Defence: 3 Nxe5 and unusual White 3rd moves} Nd7 9. O-O-O c6 10. h4 (10. Kb1 d5 11. Bd3 Nc5 12. h4 Nxd3 13. Qxd3 Qd6 14. c4 Rd8 15. cxd5 Qxd5 16. Qxd5 cxd5 17. Nd4 Bd7 18. Nb3 Bf5 19. Nd4 Bd7 20. Nb3 Bf5 21. Nd4 {½-½ (21) Aronian,L (2765)-Caruana,F (2832) London 2018}) 10... d5 11. Bg5 Re8 12. Nd4 $146 ({Predecessor:} 12. Bd3 Nc5 13. Bxe7 Rxe7 14. Nd4 Qd6 15. Bf5 Ne4 16. Bxe4 Rxe4 {½-½ (40) Sozin,S (2265)-Nigametzianov,M (2391) Novokuznetsk 2014}) 12... Nc5 13. f3 Bd7 14. g4 Qa5 15. Kb1 Na4 16. Bxe7 Rxe7 17. h5 Qb6 (17... Rae8 $11) 18. b3 $14 c5 (18... f6 $14) 19. Ne2 $16 c4 20. h6 {aiming for Nf4.} cxb3 21. cxb3 {Hoping for Nf4.} g6 22. Nf4 Bc6 23. Ka1 Nc5 24. Qd4 {[%csl Gh6][%cal Rd4g7]} ({Weaker is} 24. Nxd5 Bxd5 25. Qxd5 Rd7 $17) 24... Ne6 25. Qxb6 $1 axb6 26. Nxd5 Bxd5 27. Rxd5 Nf4 28. Rd1 Ne2 29. Bxe2 ({Better is} 29. Rh2 $16 Nxc3 30. Rc1) 29... Rxe2 {[%mdl 4096] Endgame KRR-KRR} 30. a4 b5 $1 31. Rd4 bxa4 32. bxa4 b5 $1 33. Rhd1 Kf8 34. Rd8+ Re8 35. Rxa8 Rxa8 $11 {KR-KR} 36. Rd4 bxa4 37. Ka2 Ke7 38. Ka3 Rc8 39. c4 Ra8 {[#]} 40. Rd3 (40. f4 $1 $16) 40... g5 41. c5 Ra6 {[#]} (41... Ke6 $11) 42. Rd5 ({White must play} 42. Kb4 $1 $16) 42... Rxh6 $2 {[%mdl 8192]} (42... f6 $11 {and Black has nothing to worry.}) 43. Kxa4 $18 Rh3 44. Rf5 $2 (44. c6 $18 {Intending c7 and mate.} Rxf3 45. Kb4 (45. Rxg5 Kd6 $11)) 44... h5 $1 $11 45. Rxg5 hxg4 (45... h4 $1 $11 {remains equal.}) 46. fxg4 $16 Kd7 47. Rf5 (47. Kb5 $16) 47... Rh4 $1 $11 {The position is equal.} 48. Kb5 Rxg4 49. Rxf7+ Kc8 $1 50. Kb6 Rb4+ 51. Kc6 {[%cal Rf7f8]} Kb8 $1 52. Rf8+ Ka7 53. Rd8 {White wants to play Kc7.} Rc4 54. Rc8 {Black should prevent Rh8.} Rh4 55. Rd8 {Threatens to win with Kc7.} Rc4 56. Rd5 Rc1 57. Kc7 Rh1 58. c6 {[%cal Rd5a5]} Rh7+ 59. Rd7 Rh8 60. Rd6 Rg8 61. Rd1 {[%cal Rd1a1]} Rg7+ $1 62. Rd7 Rg8 63. Rh7 Rf8 64. Rh1 {[%cal Rh1a1]} Rf7+ 65. Kd8 {And now Rc1 would win.} Rf8+ 66. Kd7 (66. Kc7 $5 {[%cal Rh1a1]} Rf7+ 67. Kd6 $14) 66... Rf7+ 67. Kd6 {Re1 is the strong threat.} Rf6+ 68. Kc7 {[%cal Rh1a1]} Rf7+ 69. Kd8 {Black must now prevent Rc1.} Rf8+ 70. Ke7 Rg8 71. Rh7 Kb8 72. Kd7 Rf8 73. Re7 Rh8 74. Rf7 Rg8 75. Rh7 Rf8 76. Rh6 Rg8 77. Rh7 {Accuracy: White = 45%, Black = 70%.} 1/2-1/2

[Event "20. Dolomitenbank Open-A 2019"]
[Site "Lienz"]
[Date "2019.02.13"]
[Round "6.2"]
[White "Solodovnichenko, Yuri"]
[Black "Ankit, R. Rajpara"]
[Result "0-1"]
[WhiteElo "2574"]
[BlackElo "2451"]
[Annotator "TA"]
[PlyCount "88"]
[EventDate "2019.02.09"]
[EventType "swiss"]
[EventCountry "AUT"]
[SourceTitle "playchess.com"]
[Source "ChessBase"]
[SourceQuality "1"]

{[%evp 16,88,26,22,135,129,179,164,251,213,325,229,266,0,0,0,-12,-196,-187,-154,-145,-190,-62,-70,-65,-70,-71,-97,-91,-79,-70,-61,-11,-16,-17,-508,-494,-466,-443,-443,-101,-121,0,0,0,0,0,0,0,0,15,0,0,0,0,-604,-571,-677,-684,-653,-651,-609,-487,-532,-529,-508,-501,-720,-712,-910,-882,-1031,-1010,-952,-904]} 1. e4 c6 2. Nf3 d5 3. Nc3 Nf6 4. e5 Ne4 5. Ne2 Qb6 6. d4 {B11: Caro-Kann: Two Knights Variation} e6 7. Ng3 Nxg3 8. hxg3 c5 9. c3 {LiveBook: 9 Games} Bd7 $146 (9... Nc6 $11 {remains equal.}) ({Predecessor:} 9... cxd4 10. cxd4 Nc6 11. a3 a5 12. Bd3 Bd7 13. Bxh7 {½-½ (46) Trent,L (2463)-Piorun,K (2665) Germany 2017}) 10. Ng5 $1 $16 cxd4 11. Qf3 (11. Qxd4 Qxd4 12. cxd4 Nc6 $11) 11... dxc3 (11... Be7 $142) 12. bxc3 $18 Bc5 (12... Be7 {might work better.}) 13. Qxf7+ (13. Rxh7 Rxh7 14. Qxf7+ Kd8 $11) 13... Kd8 14. Nxh7 $2 (14. Qxg7 $6 Re8 $18) (14. Bd3 $18 Kc8 15. Rb1 (15. Rxh7 Rxh7 16. Bxh7 Nc6 $16)) 14... Kc7 $1 $11 15. Bd3 {aiming for 0-0.} Nc6 $36 {[%mdl 2048] Black is pushing.} 16. Rh5 $2 (16. O-O $1 $11 {and White is okay.} Nxe5 17. Bf4) 16... Raf8 $19 17. Nxf8 Rxf8 18. Qxg7 {Strongly threatening Rh7.} Rxf2 (18... Nb4 $1 $19 {[%cal Rb4d3]} 19. Bb1 (19. cxb4 $2 Bxb4+ 20. Kd1 Qd4 $19) 19... Bxf2+ 20. Kd1 Qb5 $3 {[%mdl 512]}) 19. Rh7 $15 Ne7 $1 20. Qg5 Rxg2 21. Rb1 (21. Bf1 {is a self mate.} Bf2+ 22. Kd1 Ba4+ 23. Ke2 Bxg3+ 24. Kf3 Qf2+ 25. Kg4 Bd1+ 26. Be2 Bxe2+ 27. Kh3 Rh2#) 21... Qa5 22. Bd2 Qxa2 23. Rd1 Qa4 {( -> ...Rg1+)} 24. Be3 d4 25. cxd4 $2 {[%mdl 8192]} (25. Rxe7 $11 {and White has nothing to worry.} Bxe7 26. Qxe7 dxe3 27. Qd6+ Kc8 28. Bf1) 25... Bb4+ $19 26. Kf1 Qxd1+ 27. Kxg2 {next Be4 is good for White.} Bc6+ $2 (27... Qxd3 $19 {and Black stays clearly on top.} 28. Rxe7 Bxe7 29. Qxe7 Qxe3 30. Qd6+ Kd8 31. Qf8+ Be8 32. Qd6+ Kc8 33. Qxe6+ Bd7 34. Qc4+ Kb8 35. Qg8+ Kc7 36. Qc4+ Bc6+ 37. Kh3 Qh6+ 38. Kg4 b5) 28. Kh3 {[#]} Qh1+ ({Black should try} 28... Kd8 $1 $17 {Threatens to win with ...Bf3.} 29. d5 (29. Bg6 {leads to mate.} Bf3 30. Bg1 Qxg1 31. Rh8+ Kc7 32. Rc8+ Nxc8 33. Qc1+ Qxc1 34. g4 Qh1+ 35. Kg3 Qg2+ 36. Kh4 Qxg4#) 29... Bxd5 30. Rh8+ Kc7) 29. Kg4 $11 Qf3+ 30. Kh4 Qh1+ 31. Kg4 Qd1+ 32. Kh4 Kd7 33. d5 Qh1+ 34. Kg4 Qxd5 35. Bc2 $2 {[%mdl 8192]} (35. Bg6 $11) 35... Qc4+ $19 {Black is clearly winning.} 36. Kh5 Qxc2 37. Kh6 Be4 38. Rf7 Qh2+ 39. Qh4 Qxh4+ 40. gxh4 a5 {[%cal Ba7a5,Ba5a4,Ba4a3,Ba3a2][%mdl 32]} 41. Bg5 a4 42. Rf4 Nf5+ 43. Kh7 a3 {...Ng3+ is the strong threat.} 44. Rxe4 a2 {Precision: White = 43%, Black = 44%.} 0-1

[Event "20. Dolomitenbank Open-A 2019"]
[Site "Lienz"]
[Date "2019.02.13"]
[Round "6.3"]
[White "Istratescu, Andrei"]
[Black "Zhang, Ziji"]
[Result "1/2-1/2"]
[WhiteElo "2555"]
[BlackElo "2406"]
[Annotator "TA"]
[PlyCount "89"]
[EventDate "2019.02.09"]
[EventType "swiss"]
[EventCountry "AUT"]
[SourceTitle "playchess.com"]
[Source "ChessBase"]
[SourceQuality "1"]

{[%evp 21,89,0,0,-19,-8,-16,0,-19,-12,-29,-32,-85,0,-12,0,-50,0,0,0,0,0,0,0,-12,0,-8,9,0,8,0,0,0,0,0,0,0,6,0,0,0,0,0,0,0,4,0,0,0,7,8,8,7,6,0,0,0,10,10,10,10,10,10,10,10,25,25,25,25,25,25]} 1. d4 d5 2. c4 e6 3. Nc3 Be7 4. cxd5 exd5 5. Bf4 c6 6. e3 Bf5 7. g4 Be6 8. h3 Nd7 {D31: Queen's Gambit Declined: Semi-Slav without ...Nf6 (+ Marshall Gambit and Noteboom) and Exchange Variation lines without ...Nf6} 9. Nf3 (9. Bd3 h5 10. gxh5 Ngf6 11. h6 g6 12. Qd2 b5 13. Nf3 b4 14. Na4 Ne4 15. Bxe4 dxe4 16. Ne5 Nxe5 17. Bxe5 Rxh6 {½-½ (41) Bindrich,F (2600)-Michalik,P (2564) Austria 2018}) 9... g5 10. Bg3 h5 11. gxh5 Rxh5 {LiveBook: 4 Games} 12. Bg2 Qb6 13. Qe2 $146 ({Predecessor:} 13. Qc2 Nh6 14. O-O-O Nf5 15. Bh2 Nd6 16. Nd2 {1-0 (48) Tologontegin,S (2355)-Esenbek Uulu,I (2067) Bishkek 2010}) 13... Ngf6 14. h4 gxh4 15. Rxh4 Rxh4 16. Nxh4 {[#]} (16. Bxh4 $15 Ne4 17. Qc2) 16... O-O-O (16... Nh5 $1 $17 {[%mdl 512]} 17. O-O-O (17. Qxh5 Qxb2) 17... Nxg3 18. fxg3 Qc7) 17. O-O-O Qa5 18. Kb1 Rh8 19. Qc2 Ne4 20. Bxe4 {[#] Black must now prevent Nf5.} Bxh4 21. Bxh4 Rxh4 22. Bd3 Qd8 23. a3 Kb8 24. f3 Rh8 25. Qg2 Qh4 26. Ne2 Qh3 27. Rg1 Qxg2 28. Rxg2 Rh3 29. Rf2 Kc7 30. Kc2 Kd6 31. Kd2 a5 32. Nf4 Rg3 33. Rg2 Rxg2+ 34. Nxg2 $11 {[%mdl 4096] Endgame KBN-KBN} c5 35. dxc5+ Nxc5 36. Nf4 Bd7 37. b4 axb4 38. axb4 Ne6 39. Ne2 b6 40. Kc3 Ke5 41. f4+ Kd6 42. Nd4 Nxd4 43. Kxd4 {White has an edge.} f6 44. Bc2 Bg4 45. Bb1 {Precision: White = 46%, Black = 63%.} 1/2-1/2